Schiff bases of 0-Vanillin, the complexes and their cytotoxic activity on KB cells growth /
محفوظ في:
| المؤلف الرئيسي: | |
|---|---|
| التنسيق: | أطروحة كتاب |
| اللغة: | English |
| منشور في: |
2000.
|
| الموضوعات: | |
| الوسوم: |
إضافة وسم
لا توجد وسوم, كن أول من يضع وسما على هذه التسجيلة!
|
| LEADER | 00843cam a2200229 a 4500 | ||
|---|---|---|---|
| 001 | u483374 | ||
| 003 | SIRSI | ||
| 008 | 911205s2000 my at 00 1 eng m | ||
| 035 | |a ACP-6604 | ||
| 040 | |a UMM | ||
| 090 | |a QD3 |b UM 2000 Sitrp | ||
| 100 | 0 | 0 | |a Siti Ruziani Parmin. |
| 245 | 1 | 0 | |a Schiff bases of 0-Vanillin, the complexes and their cytotoxic activity on KB cells growth / |c Siti Ruziani Parmin. |
| 260 | |c 2000. | ||
| 300 | |a iii, 89 leaves [append.] : |b ill. ; |c 29 cm. | ||
| 502 | |a Dissertation (M.Sc.) -- Jabatan Kimia, Fakulti Sains, Universiti Malaya, 2000. | ||
| 504 | |a Bibliography:leaves 70-77 | ||
| 650 | 0 | |a Schiff bases. | |
| 710 | 2 | 0 | |a Universiti Malaya. |b Jabatan Kimia. |
| 948 | |a 14/06/2001 |b 18/03/2004 | ||
| 596 | |a 1 | ||
| 999 | |a QD3 UM 2000 SITRP |w LC |c 1 |i A510474918 |d 27/11/2014 |e 27/11/2014 |l STACKS |m P01UTAMA |n 1 |r Y |s Y |t TESIS |u 13/11/2001 | ||
